[Event "Dundee op"]
[Site "Dundee"]
[Date "2004.10.24"]
[Round "5"]
[White "Stokes, Ivan"]
[Black "Jenkins, Blake"]
[Result "0-1"]
[WhiteElo "1764"]
[BlackElo "1963"]
[PlyCount "51"]
[EventDate "2004.10.22"]
[EventType "swiss"]
[EventRounds "5"]
[EventCountry "SCO"]
[SourceTitle "EXT 2006"]
[Source "ChessBase"]
[SourceDate "2005.11.24"]
[SourceVersion "1"]
[SourceVersionDate "2005.11.24"]
[SourceQuality "1"]

1. e4 e6 2. Nf3 d5 3. Nc3 Nf6 4. e5 Nfd7 5. d4 c5 6. dxc5 Bxc5 7. Bd3 Nc6 8. Bf4 Qb6 9. Na4 Bxf2+ 10. Kf1 Qb4 11. Bd2 Qxa4 12. Kxf2 Ndxe5 13. Be2 Nxf3 14. gxf3 Qh4+ 15. Kf1 e5 16. Qe1 Bh3+ 17. Kg1 Qd4+ 18. Qf2 Qxd2 19. Rd1 Qg5+ 20. Qg3 Qe3+ 21. Qf2 Qxf2+ 22. Kxf2 Rd8 23. Rhg1 g6 24. f4 Bf5 25. Rg3 e4 26. Rb3 0-1